Modern physical geography / (Record no. 8665)
[ view plain ]
| 000 -LEADER | |
|---|---|
| fixed length control field | 00925cam a22002652 4500 |
| 001 - CONTROL NUMBER | |
| control field | 0000018824 |
| 005 - DATE AND TIME OF LATEST TRANSACTION | |
| control field | 20151217152135.0 |
| 008 - FIXED-LENGTH DATA ELEMENTS--GENERAL INFORMATION | |
| fixed length control field | 100802s xx 000 0 eng d |
| 020 ## - INTERNATIONAL STANDARD BOOK NUMBER | |
| International Standard Book Number | 0471856096 : |
| 040 ## - CATALOGING SOURCE | |
| Original cataloging agency | KABU |
| Transcribing agency | KABU |
| 050 #0 - LIBRARY OF CONGRESS CALL NUMBER | |
| Classification number | GB54.5 |
| Item number | .S77 1987 |
| 100 1# - MAIN ENTRY--PERSONAL NAME | |
| Personal name | Strahler, Alan. |
| -- | 0000157281 |
| 245 10 - TITLE STATEMENT | |
| Title | Modern physical geography / |
| Statement of responsibility, etc. | by Alan H. Strahler and Arthur N. Strahler. |
| 250 ## - EDITION STATEMENT | |
| Edition statement | 3rd ed. |
| 260 ## - PUBLICATION, DISTRIBUTION, ETC. (IMPRINT) | |
| Place of publication, distribution, etc. | New York : |
| Name of publisher, distributor, etc. | John Wiley, |
| Date of publication, distribution, etc. | 1987. |
| 300 ## - PHYSICAL DESCRIPTION | |
| Extent | xxii, 544 p. |
| 650 #0 - SUBJECT ADDED ENTRY--TOPICAL TERM | |
| Topical term or geographic name as entry element | Physical geography. |
| -- | 0000147981 |
| 852 1# - LOCATION | |
| -- | p1239 KES |
| 852 1# - LOCATION | |
| -- | p1239 KES |
| 852 1# - LOCATION | |
| -- | p1239 KES |
| 852 1# - LOCATION | |
| -- | p1239 KES |
| 852 1# - LOCATION | |
| -- | p1239 KES |
| 908 ## - PUT COMMAND PARAMETER (RLIN) | |
| Put command parameter | 100802 |
| 950 ## - LOCAL HOLDINGS (RLIN) | |
| -- | 1 |
| Withdrawn status | Lost status | Source of classification or shelving scheme | Not for loan | Home library | Current library | Date acquired | Total Checkouts | Full call number | Barcode | Date last seen | Date last checked out | Price effective from | Koha item type |
|---|---|---|---|---|---|---|---|---|---|---|---|---|---|
| Library of Congress Classification | Kabarak, Main Campus | Kabarak, Main Campus | 17/12/2015 | 1 | GB54.5 .S77 1987 c. 1 | 24241 | 03/03/2021 | 22/02/2021 | 17/12/2015 | General Collection | |||
| Library of Congress Classification | Kabarak, Main Campus | Kabarak, Main Campus | 17/12/2015 | 2 | GB54.5 .S77 1987 c. 2 | 24242 | 07/12/2017 | 05/12/2017 | 17/12/2015 | General Collection | |||
| Library of Congress Classification | Kabarak, Main Campus | Kabarak, Main Campus | 17/12/2015 | GB54.5 .S77 1987 c. 3 | 24243 | 17/12/2015 | 17/12/2015 | General Collection | |||||
| Library of Congress Classification | Kabarak, Main Campus | Kabarak, Main Campus | 17/12/2015 | GB54.5 .S77 1987 c. 4 | 24246 | 17/12/2015 | 17/12/2015 | General Collection | |||||
| Library of Congress Classification | Kabarak, Main Campus | Kabarak, Main Campus | 17/12/2015 | GB54.5 .S77 1987 c. 5 | 24249 | 17/12/2015 | 17/12/2015 | General Collection |